000 00291nam a22001337a 4500
008 170601b xxu||||| |||| 00| 0 eng d
020 _a2900073102169
041 _aeng
080 _211TH
_a94(7/8)
100 _a17
101 _aSHH
245 _aTAKING SIDES
_cMADARAS,L
942 _2udc
_cBK
999 _c15338
_d15338